Small firms and economic development in developed and transition economies : (Record no. 27155)
[ view plain ]
| 000 -LEADER | |
|---|---|
| fixed length control field | 02702 am a2200349ua 4500 |
| 001 - CONTROL NUMBER | |
| control field | 011357440 |
| 003 - CONTROL NUMBER IDENTIFIER | |
| control field | OSt |
| 005 - DATE AND TIME OF LATEST TRANSACTION | |
| control field | 20190214120223.0 |
| 008 - FIXED-LENGTH DATA ELEMENTS--GENERAL INFORMATION | |
| fixed length control field | 030303s2003 enka fr 001 ||eng d |
| 015 ## - | |
| -- | GBA317997 |
| -- | bnb |
| 020 ## - INTERNATIONAL STANDARD BOOK NUMBER | |
| International Standard Book Number | 0754630609 |
| 020 ## - INTERNATIONAL STANDARD BOOK NUMBER | |
| International Standard Book Number | 9780754630609 |
| 040 ## - CATALOGING SOURCE | |
| Original cataloging agency | DLC |
| Transcribing agency | DLC |
| Modifying agency | Uk |
| -- | EG-ScBUE |
| Language of cataloging | eng |
| 082 04 - DEWEY DECIMAL CLASSIFICATION NUMBER | |
| Classification number | 338.642094 |
| Edition number | 22 |
| Item number | SMA |
| 245 00 - TITLE STATEMENT | |
| Title | Small firms and economic development in developed and transition economies : |
| Remainder of title | a reader / |
| Statement of responsibility, etc | edited by David A. Kirby and Anna Watson. |
| 264 #1 - PUBLICATION, DISTRIBUTION, ETC. (IMPRINT) | |
| Place of publication, distribution, etc | Hampshire, England ; |
| -- | Burlington, Vermont : |
| Name of publisher, distributor, etc | Ashgate Publishing Limited, |
| Date of publication, distribution, etc | c.2003. |
| 300 ## - PHYSICAL DESCRIPTION | |
| Extent | viii, 206 pages : |
| Other physical details | illustrations ; |
| Dimensions | 23 cm. |
| 336 ## - CONTENT TYPE | |
| Content type term | text |
| Source | rdacontent |
| 337 ## - MEDIA TYPE | |
| Media type term | unmediated |
| Source | rdamedia |
| 338 ## - CARRIER TYPE | |
| Carrier type term | volume |
| Source | rdacarrier |
| 490 0# - SERIES STATEMENT | |
| Series statement | Transition and development |
| 504 ## - BIBLIOGRAPHY, ETC. NOTE | |
| Bibliography, etc | Includes bibliographical references and index. |
| 505 ## - FORMATTED CONTENTS NOTE | |
| Formatted contents note | 1. Introduction / David A. Kirby and Anna Watson --<br/>2. Hunting for New Employment: The Role of High Growth Firms / Per Davidsson and Frederic Delmar --<br/>3. SMEs and the Innovative Capability of Regions: London's Lee Valley Region in a European Context / David North, David Smallbone and Ian Vickers --<br/>4. Critical Success Factors of New, Technology-Based Firms / Alexandre Chamanski and Sigmund J. Waago --<br/>5. Innovative High Growth Start-Ups in Germany: 'Neuer Markt' as a possibility for Initial Public Offerings (IPOs) / Walter Ruda --<br/>6. Public Policies, Research Institutions, and the Development of Entrepreneurial Areas / Thuy O. Lam. --<br/>7. Entrepreneurship and Enterprise Strategies in Transition Economies: An Institutional Perspective / Friederike Welter and David Smallbone --<br/>8. Entrepreneurship in the New Germany / David Pistrui, Harold P. Welsch, Hans J. Pohl, Oliver Wintermantel and Jianwen Liao --<br/>9. Small Business in Slovenia: Expectations and Accomplishments / Miroslav Glas and Mateja Drnovsek --<br/>10. Entrepreneurship and Small Business Development in Latvia / Irina Kuzmina --<br/>11. Living to Survive: The Small and Medium Enterprise Sector in Romania after Ten Years of Transition to a Market Economy / Iacob Catoiu and Calin Veghes --<br/>12. Entrepreneurship and SME Development in Transition Countries: The Case of Bulgaria / Miroslav Mateev --<br/>Conclusion / David A. Kirby and Anna Watson. |
| 650 #7 - SUBJECT ADDED ENTRY--TOPICAL TERM | |
| Topical term or geographic name as entry element | Small business |
| Geographic subdivision | Europe, Eastern. |
| Source of heading or term | BUEsh |
| 9 (RLIN) | 42024 |
| 650 #7 - SUBJECT ADDED ENTRY--TOPICAL TERM | |
| Source of heading or term | BUEsh |
| Topical term or geographic name as entry element | Entrepreneurship |
| Geographic subdivision | Europe, Eastern. |
| 9 (RLIN) | 35733 |
| 650 #7 - SUBJECT ADDED ENTRY--TOPICAL TERM | |
| Source of heading or term | BUEsh |
| Topical term or geographic name as entry element | New business enterprises |
| Geographic subdivision | Europe, Eastern. |
| 9 (RLIN) | 42022 |
| 650 #7 - SUBJECT ADDED ENTRY--TOPICAL TERM | |
| Topical term or geographic name as entry element | Small business |
| Geographic subdivision | Europe. |
| Source of heading or term | BUEsh |
| 9 (RLIN) | 42023 |
| 653 ## - INDEX TERM--UNCONTROLLED | |
| Resource For college | BAEPS, Business Administration |
| Arrived date list | February2019 |
| 700 1# - ADDED ENTRY--PERSONAL NAME | |
| Personal name | Watson, Anna. |
| Relator term | editor. |
| 700 1# - ADDED ENTRY--PERSONAL NAME | |
| Personal name | Kirby, David A. |
| Relator term | editor. |
| 9 (RLIN) | 20050 |
| 942 ## - ADDED ENTRY ELEMENTS (KOHA) | |
| Source of classification or shelving scheme | Dewey Decimal Classification |
| Koha item type | Book - Borrowing |
| Withdrawn status | Lost status | Source of classification or shelving scheme | Damaged status | Not for loan | Home library | Current library | Shelving location | Date acquired | Source of acquisition | Total Checkouts | Total Renewals | Full call number | Barcode | Date last seen | Date checked out | Price effective from | Koha item type | Public note |
|---|---|---|---|---|---|---|---|---|---|---|---|---|---|---|---|---|---|---|
| Dewey Decimal Classification | Central Library | Central Library | First floor | 14/02/2019 | Donation | 1 | 6 | 338.642094 SMA | 000044258 | 15/07/2025 | 16/09/2020 | 14/02/2019 | Book - Borrowing | Donation from Prof. David Kirby | ||||
| Dewey Decimal Classification | Central Library | Central Library | First floor | 14/02/2019 | Donation | 338.642094 SMA | 000044259 | 15/07/2025 | 14/02/2019 | Book - Borrowing | Donation from Prof. David Kirby |